| 000 | 01047nam a22002297a 4500 | ||
|---|---|---|---|
| 999 |
_c5130 _d5130 |
||
| 003 | AR-CdUCM | ||
| 008 | 190312b ||||| |||| 00| 0 spa d | ||
| 040 |
_aMUNICIPALIDAD PROVINCIAL DEL CUSCO _cBIBLIOTECA MUNICIPAL DEL CUSCO |
||
| 082 |
_a985.338 / _bC68 |
||
| 100 |
_aClaros Centeno, Angel Humberto _915596 |
||
| 245 |
_aApurímac : historia y realidad regional : _bhistoria, geografía, economía, demografía, turismo y cultura / |
||
| 260 |
_aCusco : _bDanny´s Graff, _c2013. |
||
| 300 |
_a315 páginas ; _bcuadros, ilustraciones, _c21 cm. |
||
| 505 | _aContenido: Antecedentes históricos -- Época Pre Incaica e Incaica -- Época de la colonia -- Época Republicana -- Localización espacial y geográfica -- Superficie territorial --Límites ... | ||
| 650 |
_aCondiciones económicas _91989 |
||
| 650 |
_aCondiciones sociales _91132 |
||
| 650 |
_aApurímac, (Perú : Departamento) _97271 |
||
| 650 |
_aVida y costumbres sociales _9857 |
||
| 710 |
_aUniversidad Tecnológica d los Andes. _915597 |
||
| 942 |
_2ddc _cLIBROS |
||
| 945 | _aachl | ||